[Event "17th Izmir Open 2018"]
[Site "Izmir"]
[Date "2018.09.10"]
[Round "2.1"]
[White "Ozkeskin, Nazim Efe"]
[Black "Yilmazyerli, Mert"]
[Result "0-1"]
[WhiteElo "1538"]
[BlackElo "2450"]
[Annotator "TA"]
[PlyCount "90"]
[EventDate "2018.09.09"]
[EventType "swiss"]
[EventCountry "TUR"]
[SourceTitle "playchess.com"]
[Source "ChessBase"]
[SourceQuality "1"]

{[%evp 19,90,74,87,62,87,-6,1,-28,0,-5,14,0,0,-52,-11,-11,-20,-76,-69,-75,-56,-68,-99,-117,-23,-62,-69,-54,-32,-38,-54,-87,-60,-130,-75,-86,-41,-80,-65,-100,-93,-112,-112,-116,-66,-152,-149,-227,-191,-295,-297,-295,-318,-441,-448,-711,-600,-711,-704,-676,-703,-701,-687,-1786,-1805,-1360,-779,-29986,-29987,-29987,-29988,-29986,91]} 1. e4 g6 2. d4 Bg7 3. Nc3 d6 4. Be3 a6 5. Qd2 b5 6. O-O-O Bb7 {B06: Modern Defence} (6... Nd7 7. h4 h6 8. f4 h5 9. Nf3 Nb6 10. Bd3 Nh6 11. Rhf1 Ng4 12. Bg1 b4 13. Ne2 a5 14. Kb1 Ba6 15. Bxa6 Rxa6 {1-0 (34) Morozevich,A (2676)-Vavulin,M (2575) Moscow 2017}) 7. f3 Nd7 8. g4 c5 9. Kb1 Rc8 10. h4 h6 {LiveBook: 4 Games} 11. Nh3 Qc7 12. h5 $146 (12. dxc5 $16 Nxc5 13. Nf4) ({Predecessor:} 12. dxc5 Nxc5 13. Bd4 e5 14. Be3 Bf8 {1-0 (53) Wieland,O (2060)-Fernandez Aguado,J (2314) Baden 2010}) 12... g5 13. Rc1 Ngf6 14. Ne2 Nb6 {[%cal Bd7b6,Bb6d5,Bd5f6][%mdl 32]} 15. Ng3 e6 16. Be2 (16. Qf2 $11) 16... cxd4 (16... d5 {seems wilder.} 17. e5 Nfd7 18. c3 Nc4 19. Bxc4 dxc4 20. Rhf1 b4) 17. Bxd4 d5 {[%cal Rd5e4]} 18. exd5 (18. f4 $11 {remains equal.} gxf4 19. Qxf4 Qxf4 20. Nxf4 Nxh5 21. Bxg7 Nxg7 22. g5) 18... Nbxd5 $17 19. Ne4 Nxe4 20. fxe4 Nf6 21. Bf3 Rd8 (21... O-O $17 {Hoping for ...Rfd8.} 22. Qe3 Nd7 23. Bxg7 Kxg7) 22. Qc3 Qxc3 23. Bxc3 O-O 24. Nf2 Nd7 $36 {[%mdl 2048] And now ...Bxc3 would win. Black has good play.} 25. Bxg7 Kxg7 26. Nd3 (26. Rhe1 $1 $15) 26... Rc8 (26... f5 $142 27. Rce1 Rc8) 27. Rhf1 f6 {[%cal Bf7f6,Bf6e5][%mdl 32]} 28. b3 Ne5 29. Nxe5 fxe5 30. Bg2 Rf4 31. Rxf4 gxf4 {[%mdl 4096] Endgame KRB-KRB} 32. Rd1 ({White should try} 32. c4 $1 $15) 32... Kf6 33. Rd3 (33. Rd7 $17 {was worth a try.} Ba8 34. Kb2) 33... b4 34. Kc1 (34. a3 $142 a5 35. Bf3) 34... Kg5 $19 35. Bf3 Kh4 36. Rd7 Bc6 37. Rh7 (37. Rf7 $142 Kg3 38. Bh1) 37... Kg3 38. Bd1 f3 {[%cal Bf4f3,Bf3f2][%mdl 32]} 39. Rxh6 f2 40. Rf6 Bxe4 41. Be2 Rxc2+ 42. Kd1 Rxa2 {[#] Threatens to win with ...Bd5.} 43. g5 Bc2+ {Black mates.} 44. Kd2 Bf5+ 45. Ke3 Rxe2+ {[%mdl 32768] Precision: White = 25%, Black = 56%. . Loss on Time!?} 0-1

[Event "17th Izmir Open 2018"]
[Site "Izmir"]
[Date "2018.09.10"]
[Round "2.2"]
[White "Mammadov, Ayaz"]
[Black "Akdag, Ismet Mert"]
[Result "1-0"]
[WhiteElo "2411"]
[BlackElo "1593"]
[Annotator "TA"]
[PlyCount "45"]
[EventDate "2018.09.09"]
[EventType "swiss"]
[EventCountry "TUR"]
[SourceTitle "playchess.com"]
[Source "ChessBase"]
[SourceQuality "1"]

{[%evp 9,45,2,26,21,120,114,116,114,114,89,86,67,104,-4,264,272,387,389,395,377,439,422,527,520,576,570,697,691,942,934,1244,1222,1380,1386,1491,1470,1589,1589]} 1. d4 Nf6 2. Bg5 d5 3. Bxf6 exf6 4. e3 Bd6 5. c4 {[%cal Bc2c4,Bc4c5][%mdl 32]} Be6 (5... dxc4 6. Bxc4 f5 7. Nc3 O-O 8. Nf3 Nd7 9. O-O c6 10. Qc2 Nf6 11. a3 Qe7 12. b4 Bd7 13. Bd3 g6 14. Na4 Rad8 15. Nc5 Bc8 16. Bc4 Kg7 17. Rab1 Ne4 {½-½ (50) Korobov,A (2715)-Leko,P (2737) Kiev 2013}) 6. Qb3 {D00: Damenbauernspiele} O-O $146 (6... dxc4 $11 {bleibt in der Remisbreite.} 7. Bxc4 Bxc4 8. Qxc4 Nd7) ({Vorgänger:} 6... b6 7. cxd5 Bxd5 8. Qc2 c5 9. dxc5 Bxc5 10. Nc3 O-O 11. O-O-O Nc6 12. Nxd5 Ne5 13. Nf3 Nxf3 14. gxf3 {1-0 (36) Seyfutdinov,R (1915)-Sidorov,G (1856) Uljanovsk 2015}) 7. c5 $16 Be7 8. Qxb7 {Weiß steht besser.} Nd7 9. Nc3 Rb8 10. Qxa7 Rxb2 11. Bb5 {[#]} ({Besser ist} 11. Qa3 $16 Qb8 12. Bd3) 11... Re8 $2 {[%mdl 8192]} (11... Nxc5 $1 $11 {[%mdl 512] und Schwarz muss sich keine Sorgen machen.} 12. Nge2 (12. dxc5 d4 $17) 12... Ne4) 12. Qa3 $18 Rc2 (12... Rxb5 $142 13. Nxb5 Bf5) 13. Bd3 Rxc3 14. Qxc3 f5 15. Ne2 {Weiß steht klar auf Gewinn.} Bf6 16. O-O Nf8 17. a4 {[%cal Ba2a4,Ba4a5,Ba5a6,Ba6a7][%mdl 32]} Ng6 18. a5 Nh4 19. a6 Qd7 20. a7 Ra8 21. Rfb1 Qc8 22. Qb4 g5 23. Qb8 {Precision: Weiß = 74%, Schwarz =  8%.} 1-0

[Event "17th Izmir Open 2018"]
[Site "Izmir"]
[Date "2018.09.10"]
[Round "2.3"]
[White "Kayis, Gulcan Sena"]
[Black "Arat, Ufuk Sezen"]
[Result "0-1"]
[WhiteElo "1441"]
[BlackElo "2385"]
[Annotator "TA"]
[PlyCount "100"]
[EventDate "2018.09.09"]
[EventType "swiss"]
[EventCountry "TUR"]
[SourceTitle "playchess.com"]
[Source "ChessBase"]
[SourceQuality "1"]

{[%evp 9,100,20,29,23,18,24,24,31,36,27,37,6,11,7,12,0,14,0,0,0,0,0,0,0,8,-2,0,0,0,0,0,0,35,-29,21,0,0,-10,-10,-10,-10,-17,-17,-40,-17,-17,-17,-17,-17,-17,-10,-17,-17,-17,-17,-18,-10,-11,-10,-24,-17,-17,-19,-32,-28,-40,-32,-37,-21,-32,-31,-37,-15,-22,-20,-19,0,-43,-28,-68,-25,-25,0,-110,-102,-599,-591,-584,-584,-5406,-556,-5397,-5397]} 1. e4 c6 2. d4 g6 3. Nf3 Bg7 4. a4 (4. Nc3 d6 5. h3 Nf6 6. a4 O-O 7. a5 d5 8. Bd3 c5 9. dxc5 dxe4 10. Nxe4 Nxe4 11. Bxe4 Na6 12. Qxd8 Rxd8 13. c6 bxc6 14. O-O Rb8 15. Be3 c5 16. Rad1 Rf8 17. b3 Rb5 18. Bg5 Bf6 19. Bh6 Bg7 20. Bg5 Bf6 21. Bh6 Bg7 {½-½ (21) Wan,Y (2500)-Andreikin,D (2702) China 2018}) 4... d5 5. exd5 cxd5 6. Bd3 {B06: Modern Defence} Nc6 7. c3 Nh6 $146 ({Predecessor:} 7... Nf6 8. O-O O-O 9. h3 Bf5 10. Bxf5 gxf5 11. Re1 Ne4 {½-½ (70) Wrobel,F-Erben,W Germany 1988}) 8. h3 {White has an edge.} O-O 9. O-O Bf5 10. Bf4 (10. Bxh6 $5 Bxh6 11. Bxf5 gxf5 12. Nbd2 $11) 10... Bxd3 11. Qxd3 Nf5 12. Re1 Rc8 13. Nbd2 Na5 14. Ne5 Nd6 15. b3 e6 16. Rac1 Nc6 17. Qe3 Nf5 18. Qd3 a6 19. Nxc6 Rxc6 20. Nf3 Qb6 21. b4 (21. g4 $14 Nd6 22. c4) 21... Rcc8 22. Ne5 {Black should prevent Nd7.} Qd8 23. Nf3 Nd6 24. Nd2 Nc4 25. Nxc4 Rxc4 26. Qg3 Qd7 27. a5 Rfc8 28. Qd3 Qc6 {[%cal Rc4c3]} 29. Bd2 Qd6 30. Qe2 Qf8 31. Qe3 Bf6 {[%cal Bg7f6,Bf6d8,Bd8c7][%mdl 32]} 32. Qf3 Bd8 33. Ra1 Qe7 34. Qg3 Qf6 35. Qd3 Bc7 36. Qe3 h5 37. Qe2 Kg7 38. Qe3 Qf5 39. Qh6+ Kg8 {...Rxc3! is the strong threat.} 40. Qe3 h4 41. Qh6 Qf6 {White must now prevent ...Rxc3!} 42. Qe3 Qd8 43. Rec1 Qd6 44. Qf3 Qh2+ (44... e5 $5 {[%cal Re5d4]} 45. Qg4 Bb8 46. dxe5 Qxe5 $15) 45. Kf1 Re8 46. Be3 {[#]} (46. Bh6 $11 {remains equal.} Bd6 47. Qf6) 46... e5 $1 $17 {[%cal Be6e5,Be5d4][%mdl 32]} 47. Qxd5 $2 {[%mdl 8192] [#]} (47. g4 $17 {is more resistant.}) 47... exd4 $3 $19 {[%mdl 512] Black is clearly winning.} 48. Qxc4 (48. cxd4 Qh1+) 48... dxe3 49. Qxh4 {intending fxe3.} e2+ 50. Ke1 Bf4 {Precision: White = 39%, Black = 59%.} 0-1

[Event "17th Izmir Open 2018"]
[Site "Izmir"]
[Date "2018.09.10"]
[Round "2.4"]
[White "Darban, Morteza"]
[Black "Keseroglu, Yigit Can"]
[Result "1-0"]
[WhiteElo "2333"]
[BlackElo "1546"]
[Annotator "TA"]
[PlyCount "49"]
[EventDate "2018.09.09"]
[EventType "swiss"]
[EventCountry "TUR"]
[SourceTitle "playchess.com"]
[Source "ChessBase"]
[SourceQuality "1"]

{[%evp 9,49,45,106,104,489,499,506,486,500,499,566,571,601,600,649,658,648,566,744,725,712,716,686,689,710,708,667,562,697,732,750,749,735,731,712,706,1194,1181,1440,1440,1446,1422]} 1. e4 c5 2. Nf3 d6 3. c3 Nc6 4. d4 cxd4 5. cxd4 Bg4 {LiveBook: 3 Games} (5... e6 $14) 6. d5 $16 {B22: Sicilian: 2 c3} (6. Nc3 Bxf3 7. gxf3 a6 8. d5 Ne5 9. f4 Nd7 10. Be3 Rc8 11. Qb3 Qc7 12. Bh3 Ngf6 13. Rc1 Qb8 {1-0 (37) Delgado Ramirez,N (2603)-Cunha,E (2335) Rio de Janeiro 2014}) 6... Ne5 $2 {[%mdl 8192] [#]} (6... Nb8 $16 {is more resistant.}) 7. Nxe5 $1 $18 {[%mdl 512] White is clearly winning.} dxe5 8. Qxg4 {White threatens Bb5+ and mate.} a6 9. Qg3 Qd6 $146 ({Predecessor:} 9... Qc7 10. Nc3 Nf6 11. Bg5 h6 12. Bxf6 exf6 13. Be2 Bb4 14. Rc1 O-O 15. O-O Qa5 16. a3 Bd6 17. Nd1 Rac8 18. b4 Qa4 19. Nb2 Qd7 20. Bg4 {1-0 (20) Haanpaa,J (2033)-Nikolakaros,K (1627) Naantali 2012}) 10. Qb3 Rb8 11. Be3 b5 12. a4 {[%cal Ba2a4,Ba4b5][%mdl 32]} e6 13. dxe6 fxe6 14. axb5 Qb4+ 15. Qxb4 Bxb4+ 16. Bd2 Bxd2+ 17. Nxd2 axb5 18. Ra5 b4 19. Bc4 Ke7 20. Rxe5 Rb6 21. Ke2 Nf6 22. Ra1 Ng4 23. Rg5 h5 24. h3 Kf6 25. f4 1-0

[Event "17th Izmir Open 2018"]
[Site "Izmir"]
[Date "2018.09.10"]
[Round "2.5"]
[White "Ugur, Cem"]
[Black "Guseynov, Alihan"]
[Result "0-1"]
[WhiteElo "1577"]
[BlackElo "2297"]
[Annotator "TA"]
[PlyCount "91"]
[EventDate "2018.09.09"]
[EventType "swiss"]
[EventCountry "TUR"]
[SourceTitle "playchess.com"]
[Source "ChessBase"]
[SourceQuality "1"]

{[%evp 14,91,0,0,37,-94,-92,-93,-93,-93,-103,-105,-81,-118,-121,-112,-100,-115,-104,-139,-106,-130,-127,-137,-120,-134,-129,-195,-77,-153,-153,-153,-153,-181,-157,-153,-150,-161,-160,-149,-164,-157,-140,-146,-146,-145,-107,-143,-129,-144,-136,-141,-137,-158,-158,-158,-158,-166,-164,-892,1067,-982,4806,-764,1041,-1285,-202,-1291,6130,-1297,-18,-214,-100,-181,-36,-207,-169,-184,-185,-493]} 1. e4 c5 2. Nf3 d6 3. d4 cxd4 4. Nxd4 Nf6 5. Nc3 Nc6 6. Bg5 e6 7. f4 h6 {B62: Sicilian: Richter-Rauzer: 6...e6: Unusual White 7th moves} 8. Bh4 {LiveBook: 13 Games} Qb6 9. Ndb5 (9. Nb3 $14 {stays ahead.}) 9... a6 $1 $17 {[%cal Ra6b5] Black is better.} 10. Bf2 Qa5 11. Nxd6+ Bxd6 12. Qxd6 Nxe4 $1 13. Qd3 Nxf2 14. Kxf2 {[#]} Qb6+ $146 ({Predecessor:} 14... O-O 15. Qe3 {0-1 (44) Garma,E (2421)-Hou,Y (2590) Subic Bay 2009}) 15. Qe3 Qxb2 16. Rc1 Qa3 17. Bc4 b5 18. Bb3 O-O 19. Rhd1 Ne7 20. Nb1 (20. Qb6 $17) 20... Qb2 (20... Qa5 $1 $19 {is more deadly. White must now prevent ...Nf5.} 21. Qc5 Re8) 21. Nc3 (21. Qc3 $142 Qxc3 22. Nxc3) 21... Bb7 $1 22. Qc5 {[#]} Nd5 $1 {[%cal Rd5c3][%mdl 512]} 23. Bxd5 Bxd5 24. Nxd5 exd5 25. Qxd5 Rac8 26. Qb3 Qf6 27. g3 Rc3 28. Qd5 Rfc8 29. Rd2 g5 30. Qe4 R3c4 $36 {[%mdl 2048] Keeping White busy.} 31. Qe5 Qxe5 32. fxe5 {[%mdl 4096] Endgame KRR-KRR} R8c5 33. Re2 Kf8 34. e6 fxe6 35. Rxe6 Rxc2+ 36. Ke3 $2 (36. Rxc2 Rxc2+ 37. Re2) 36... Rxa2 $4 {[%mdl 8192]} (36... Rxc1 $19 37. Rxa6 R1c2 38. Rxh6 Rxa2) 37. Rxh6 $4 {[%mdl 8192]} (37. Rxc5 $18 Ra3+ 38. Ke4) 37... b4 $4 {[%mdl 8192]} (37... Rxc1 $19 38. Ke4 Rh1) 38. Rb6 $4 {[%mdl 8192]} (38. Rxc5 $18 Ra3+ 39. Kd4) 38... a5 $4 {[%mdl 8192]} (38... Rxc1 $19 39. Rxb4 Rxh2) 39. h4 $4 {[%mdl 8192]} (39. Rxc5 $18 Ra3+ 40. Kd4) 39... Ra3+ $2 (39... Rxc1 40. Rb8+ Kg7 41. Rb7+ Kg6) 40. Kd4 $2 (40. Kd2 Rd5+ 41. Kc2) 40... Rxg3 $4 {[%mdl 8192]} (40... Rxc1 $19 41. Ke5 Rxg3 42. hxg5 Rxg5+ 43. Kf4 Rcc5 44. Rb8+ Ke7 45. Rb7+ Kd6) 41. hxg5 $4 {[%mdl 8192]} (41. Rxc5 $18 Rg1 42. hxg5) 41... Rcxg5 $2 ({Black should play} 41... Rxc1 $19 42. Ke5 Rxg5+ 43. Kf4 Rcc5 44. Rb8+ Ke7 45. Rb7+ Kd6) 42. Kc4 $2 (42. Rc8+ $1 $11 {and White is okay.} Ke7 43. Rc7+ Kd8 44. Rf7) 42... Ke7 (42... Rg1 $19 {has better winning chances.} 43. Rxg1 Rxg1 44. Rf6+ Ke8) 43. Ra6 {[#]} (43. Rh1 $17 {is a better defense.}) 43... Kd7 (43... Rh5 $1 $19 {Hoping for ...b3.} 44. Re1+ Kd8) 44. Rf6 $2 (44. Rh1 $1 $15 Rc3+ 45. Kd4) 44... Ra3 45. Rf2 Kd6 {And now ...Rc5+ would win.} 46. Rd2+ $2 {Precision: White = 23%, Black = 38%.} (46. Rd1+ Ke6 47. Re1+ Re5 48. Rc1) 0-1

[Event "17th Izmir Open 2018"]
[Site "Izmir"]
[Date "2018.09.10"]
[Round "2.6"]
[White "Isik, Alparslan"]
[Black "Kocu, Arda Mert"]
[Result "1-0"]
[WhiteElo "2210"]
[BlackElo "1468"]
[Annotator "TA"]
[PlyCount "97"]
[EventDate "2018.09.09"]
[EventType "swiss"]
[EventCountry "TUR"]
[SourceTitle "playchess.com"]
[Source "ChessBase"]
[SourceQuality "1"]

{[%evp 16,96,40,42,42,41,52,35,47,31,42,43,50,16,49,0,0,0,24,24,25,25,25,25,25,26,27,35,64,4,58,58,53,50,83,83,83,83,83,83,94,23,24,8,8,12,43,30,49,33,32,25,36,31,98,126,127,83,70,65,90,91,183,183,174,174,185,181,244,222,3920,4960,1787,2620,1366,1630,29968,5608,29997,29998,29998,29999,29999]} 1. d4 d5 2. c4 c6 3. Nf3 Nf6 4. Nbd2 Bf5 5. Nh4 (5. Qb3 Qb6 6. Nh4 Be4 7. e3 e6 8. Be2 Be7 9. Nxe4 dxe4 10. g3 c5 11. Bd2 cxd4 12. exd4 Nc6 13. Bc3 O-O-O {1-0 (49) Mamedyarov,S (2808)-So,W (2778) Leuven 2018}) 5... Bg6 6. Qb3 {D11: Damengambit (Slawische Verteidigung)} Qc7 7. Nxg6 hxg6 8. g3 e6 9. Bg2 {LiveBook: 18 Partien} Be7 10. O-O O-O 11. e4 dxe4 12. Nxe4 Nxe4 13. Bxe4 Nd7 $146 14. Bf4 Qb6 15. Qxb6 Nxb6 16. b3 Bf6 17. Rad1 Rfd8 18. Be3 Rd7 19. Rd2 $36 {[%mdl 2048] Weiss kämpft um Vorteil.} Rad8 {[%cal Rf6d4]} 20. Rfd1 Kf8 21. a4 Nc8 22. g4 (22. d5 $14) 22... g5 (22... Be7 $1 $11) 23. d5 $14 cxd5 24. cxd5 exd5 {Mit der Idee ...d4.} 25. Bf5 Rc7 26. Rxd5 Rxd5 27. Rxd5 b6 28. b4 (28. Kg2 $16) 28... g6 $11 29. Bd3 Ne7 30. Rb5 Nc6 31. a5 bxa5 32. bxa5 Nd4 $1 {[%cal Rd4b5]} 33. Rb8+ Kg7 34. a6 {zielt auf Tb7 ab.} Ne6 (34... Nf3+ $14 35. Kf1 Bd4) 35. Rb7 $16 Rc3 36. Be4 Bd4 37. Bxd4+ Nxd4 38. Rxa7 $14 {[%mdl 4096] [#] Endspiel Droht stark Ld5. KTL-KTS} Ne2+ (38... Ra3 $16) 39. Kf1 $18 Nf4 {[%cal Rc3c1]} 40. Ke1 Ra3 41. Kd2 Ne6 (41... Kf6 {war nötig.} 42. Bc6 Nd3) 42. Bd5 Nc5 $2 (42... Kf6 43. Bc4 Nc5 44. Rxf7+ Ke5) 43. Rxf7+ Kh6 44. a7 Ne4+ 45. Kc2 Nc5 46. a8=Q {[%cal Ra8h8] [#]} Rc3+ 47. Kxc3 {[%cal Ra8h8] Weiß setzt Matt.} Ne4+ 48. Kb2 {[%cal Ra8h8]} Nxf2 49. Qh8# {Precision: Weiß = 69%, Schwarz = 53%.} 1-0

[Event "17th Izmir Open 2018"]
[Site "Izmir"]
[Date "2018.09.10"]
[Round "2.7"]
[White "Konez, Serkan"]
[Black "Mohannad, Farhan"]
[Result "0-1"]
[WhiteElo "1550"]
[BlackElo "2201"]
[Annotator "TA"]
[PlyCount "84"]
[EventDate "2018.09.09"]
[EventType "swiss"]
[EventCountry "TUR"]
[SourceTitle "playchess.com"]
[Source "ChessBase"]
[SourceQuality "1"]

{[%evp 9,84,49,38,-13,20,-27,0,-51,-30,-48,-48,-30,-21,0,0,-54,-41,-56,-56,-91,-82,-254,-254,-245,-183,-278,-281,-277,-259,-419,-338,-387,-198,-237,-223,-272,-267,-658,-641,-640,-643,-650,-632,-633,-626,-611,-564,-710,-685,-975,-976,-1089,-1127,-1385,-1410,-1381,-1321,-1479,-733,-1249,-567,-1081,-902,-841,-743,-796,-796,-784,-754,-987,-1002,-990,-990,-997,-980,-1204,-1196]} 1. d4 c5 2. d5 e6 3. e4 exd5 4. exd5 d6 5. Bb5+ Nd7 {LiveBook: 4 Games} 6. Qe2+ {A43: Schmid Benoni} (6. Nf3 $14) (6. Nf3 Ngf6 7. O-O Be7 8. Re1 O-O 9. a4 a6 10. Bf1 b6 11. c4 Re8 12. h3 Nf8 13. a5 {1-0 (63) Sulskis,S (2528)-Labuckas,A (2317) Siauliai 2007}) 6... Be7 7. Bg5 h6 $146 ({Predecessor:} 7... a6 8. Bxd7+ Bxd7 9. Nc3 h6 10. Bh4 Kf8 11. Bxe7+ Qxe7 12. Qxe7+ Kxe7 13. Nge2 {0-1 (42) Suarez Triguero,J (2079)-Moreno Tejera,E (2264) Collado Villalba 2011}) 8. Bh4 (8. Bf4 $1 $11) 8... a6 9. Bxd7+ Bxd7 10. Nd2 Qa5 11. Ngf3 O-O-O 12. O-O ({White should try} 12. Bg3 $1 $11) 12... g5 $36 {[%mdl 2048] Black fights for an advantage.} 13. Bg3 f5 $1 {[%cal Bf7f5,Bf5f4][%mdl 32]} 14. b4 cxb4 {Strongly threatening ...f4.} 15. h3 $2 {[#]} (15. Nc4 $17 {only move.} Qc7 16. Rab1) 15... f4 $1 $19 {[%cal Rf4g3]} ({But not} 15... Qxd5 16. Nc4 $17) 16. Bh2 Qxd5 {...Bb5 is the strong threat.} 17. Nc4 (17. Rfe1 $142) 17... Qc5 18. Rfd1 Kb8 19. a4 $2 (19. Ncd2 {was necessary.}) 19... Rc8 20. Nce5 Be8 (20... dxe5 $142 21. Rxd7 Nf6 22. Nxe5 Rhe8) 21. Nd3 Qc3 22. Nd2 Bg6 23. Nxb4 $2 (23. Qe6 Bh5 24. Nf3) 23... Qxb4 {Black is clearly winning.} 24. Rdb1 Qc3 25. Qxa6 {[%csl Ga6][%cal Rb1b7] [#]} Rc7 26. Qe2 Bxc2 27. Rc1 Qd3 28. Qe1 Nf6 29. g3 Re8 30. Nf1 Bf8 31. Qa5 Re5 32. Qb4 Nd5 33. Qb2 Qc3 34. Qa2 Qb3 35. a5 Qxa2 36. Rxa2 Bd3 37. Rca1 Bg7 38. Rd2 Bc4 39. gxf4 gxf4 40. Rad1 Rg5+ 41. Kh1 Bc3 42. Rc2 Bb3 {Precision: White = 30%, Black = 59%.} 0-1

[Event "17th Izmir Open 2018"]
[Site "Izmir"]
[Date "2018.09.10"]
[Round "2.8"]
[White "Grigoriev, Armen"]
[Black "Ozcan, Kaan"]
[Result "1-0"]
[WhiteElo "2067"]
[BlackElo "1509"]
[Annotator "NA RC"]
[PlyCount "135"]
[EventDate "2018.09.09"]
[EventType "swiss"]
[EventCountry "TUR"]
[SourceTitle "playchess.com"]
[Source "ChessBase"]
[SourceQuality "1"]
[TimeControl "5400+30"]

{[%evp 8,122,8,0,39,24,21,35,32767,32767,32767,32767,32767,32767,17,10,33,27,27,20,32767,32767,32767,32767,55,18,82,54,95,79,87,67,61,53,145,107,135,104,129,120,115,125,141,109,159,104,125,143,116,117,250,76,95,85,113,55,137,116,147,100,143,132,133,89,32767,32767,32767,32767,32767,32767,32767,32767,32767,32767,32767,32767,32767,117,183,189,193,200,32767,32767,32767,32767,241,232,384,382,464,465,473,438,474,745,919,1839,4610,730,785,807,1016,1665,1661,1581,5035,29977,12095,29973,877,29975,29983,1010,12843,29967,6934]} 1. Nf3 Nf6 2. d4 g6 3. Bg5 Bg7 4. Nbd2 d5 5. e3 {LiveBook: 1356 Games} Bg4 6. c3 {D03: 1 d4 d5 2 Nf3 Nf6 3 Bg5, including Torre Attack with early ...d5} c6 7. Be2 Bxf3 $146 ({Predecessor:} 7... Nbd7 8. h3 Bxf3 9. Bxf3 Qb6 10. b4 e5 11. Rb1 O-O 12. O-O Rfe8 13. Bh4 Ne4 14. Nxe4 dxe4 15. Bxe4 exd4 {1-0 (23) Kovacevic,S (2420)-Kunte,M (2170) Linares 1998}) 8. Nxf3 Ne4 9. Bh4 Nd7 10. O-O Bf6 11. Bxf6 Nexf6 12. c4 O-O 13. b4 dxc4 14. Bxc4 Nb6 15. Bd3 Nbd5 16. Qd2 Kg7 (16... a5 $1 $11) 17. Rfc1 Rc8 18. a4 a6 19. Ne5 Nd7 20. Nc4 b6 (20... f5 $14) 21. e4 N5f6 22. Rc2 c5 23. bxc5 bxc5 {[#]} 24. d5 $1 Nb6 25. Rac1 (25. Qc3 $18) 25... e6 (25... Nxa4 $142 26. Ra2 Nb6) 26. Nxb6 Qxb6 27. a5 Qd6 28. Qc3 Qd8 (28... c4 $16 29. e5 (29. Bxc4 exd5 30. e5 Qd8 $14) 29... Nxd5 30. exd6+ Nxc3) 29. Bxa6 (29. d6 $18) 29... Ra8 30. Bb7 Rxa5 31. Rd2 e5 (31... exd5 $14 32. Bxd5 (32. exd5 Ra7 $16) 32... Qb6) 32. f3 Re8 33. Rdc2 Qb6 34. Bc6 Re7 35. g3 Qb4 36. Qxb4 cxb4 37. Rb1 Ra3 38. Kg2 b3 39. Rcb2 Rea7 40. Rxb3 Rxb3 41. Rxb3 Ra2+ {[#]} 42. Kg1 $1 Ra1+ {[#]} (42... g5 $16 {is a better defense.}) 43. Kf2 $1 Ra2+ 44. Ke3 Rxh2 45. d6 Rh1 46. d7 Nxd7 47. Bxd7 Rd1 (47... Re1+ $142 48. Kf2 Ra1) 48. Rb7 Kf8 49. Bc6 Rd6 50. Bd5 Rf6 51. f4 exf4+ 52. gxf4 h6 53. Ra7 g5 54. f5 h5 55. Kd4 h4 56. Ke3 (56. Ra8+ $142 Kg7 57. Ke3 h3 58. Kf3 h2 59. Kg2 Rh6 60. Kh1 f6 61. Rg8+ Kh7 62. Ba2) 56... Kg7 57. Kf3 h3 58. Kg3 g4 59. Kxg4 h2 60. Ra1 $18 (60. e5 $142 Rh6 61. Rxf7+ Kg8 62. Rf6+ Kh7 63. Rxh6+ Kxh6 64. e6 h1=Q 65. Bxh1) 60... Rh6 61. e5 Kf8 62. Bg2 Ke7 63. Rh1 Rh8 64. Bh3 Rg8+ 65. Kf3 Rg1 66. Rxh2 Re1 67. f6+ Kd8 68. Rc2 1-0

[Event "17th Izmir Open 2018"]
[Site "Izmir"]
[Date "2018.09.10"]
[Round "2.9"]
[White "Ersoy, Emre"]
[Black "Kirilmaz, Emre"]
[Result "0-1"]
[WhiteElo "1557"]
[BlackElo "2017"]
[Annotator "NA RC"]
[PlyCount "35"]
[EventDate "2018.09.09"]
[EventType "swiss"]
[EventCountry "TUR"]
[SourceTitle "playchess.com"]
[Source "ChessBase"]
[SourceQuality "1"]
[TimeControl "5400+30"]

{[%evp 8,35,61,36,48,21,31,15,7,4,0,4,32,-39,-28,-27,-47,-14,-42,-28,-11,-15,-6,-39,-80,-200,-115,-575,256,-700]} 1. e4 Nf6 2. e5 Nd5 3. d4 d6 4. c4 Nb6 5. exd6 cxd6 6. Nc3 g6 7. Bd3 Bg7 8. Nge2 Nc6 9. Be3 {LiveBook: 15 Games} O-O {B03: Alekhine's Defence: Four Pawns Attack} 10. a3 d5 11. c5 Nc4 12. Bxc4 $1 dxc4 13. O-O Bf5 14. d5 Na5 15. Bd4 Nb3 16. Ra2 $146 ({Predecessor:} 16. Bxg7 $17 Kxg7 {½-½ (28) Aldokhin,I (2345)-Klimov,A (2432) Dagomys 2009} 17. Nd4 Nxa1 18. Nxf5+ gxf5 19. Qd4+ e5 20. Qxe5+ Qf6 21. Qg3+ Qg6 22. Rxa1) 16... Bd3 ({Better is} 16... Nxd4 $19 17. Nxd4 Bd3) 17. Re1 $2 (17. Bxg7 $17 Kxg7 18. Re1) 17... Nxc5 $4 (17... Nxd4 $19 {and life is good for Black.} 18. Nxd4 Bxd4) 18. Nf4 $19 (18. Bxc5 $18 b6 19. Be3) 0-1